000 01174njm a22002777a 4500
005 20100914135250.0
007 sd ammalaaahaa
008 100913t xxu||||| |||| 00| 0 hin d
028 _aTAE 1422
_bODEON
035 _aGR-02330
040 _aSED/VEN
100 _aMangeshkar, Lata
_91184
245 _aAdalat /
_cby Lata Mangeshkar ; music by Madan Mohan ; lyric by Rajinder Krishen
_h[sound recording] :
246 _aअदालत
260 _aDum Dum India
_bAngel Records
_c1968
300 _a1 sound disc [Gramophone record] :
_banalog, 45 1/3 rpm
_c7 .5 in. (SP)
_fGramophone Record
500 _aBrief Record
500 _aRecord label :Angel Records, Mehroon
505 _aSide-1 उनको यह शिकायत है (Unko yeh sikayat hai) (Lata Mangeshkar) Side-२ ये हसरतो के दाग (Ye hasrato ke daag) (Lata Mangeshkar)
600 _aMangehkar, Lata
_919992
650 _aHindi Film
_xExcerpts
_zIndia
_919603
700 _aMadan Mohan
_919604
700 _aKrishen, Rajendra
_919605
942 _2ddc
_cGR
999 _c45260
_d45260